লোডিং...
Assertive religious identities : India and Europe /
Contributed papers presented at seminar.
| প্রধান লেখক: | |
|---|---|
| বিন্যাস: | Printed Book |
| প্রকাশিত: |
New Delhi :
Manohar : Distributed in South Asia by Foundation Books,
2006.
|
| বিষয়গুলি: |
| LEADER | 00740aam a2200181 a 4500 | ||
|---|---|---|---|
| 020 | |a 8173046735 | ||
| 020 | |a 9788173046735 | ||
| 082 | |a 201.55 |b SAB/A | ||
| 100 | |a Saberwal,Satish( Editor) |a Hasan,Mushirul( Editor) | ||
| 245 | 0 | 0 | |a Assertive religious identities : |b India and Europe / |
| 260 | |a New Delhi : |b Manohar : |b Distributed in South Asia by Foundation Books, |c 2006. | ||
| 300 | |a 480 p. ; | ||
| 520 | |a Contributed papers presented at seminar. | ||
| 650 | 0 | |a Religion and politics |z India |v Congresses. | |
| 650 | 0 | |a Religion and sociology |z India |v Congresses. | |
| 942 | |c BK | ||
| 999 | |c 97575 |d 97575 | ||
| 952 | |0 0 |1 0 |4 0 |6 201_550000000000000_SAB_A |7 0 |9 90636 |a SSS |b SSS |c GEN |d 2011-11-04 |g 995.00 |l 0 |o 201.55 SAB/A |p SSS05104 |r 2011-11-04 |w 2011-11-04 |y BK | ||